000 01327nam a22003737a 4500
003 CHAP
005 20220329140910.0
008 971013s1987 r 00010 d
010 _a59496
011 _a60468
035 _a64630
040 _cCHAP
082 _a581.87
_bM3
100 0 0 _aMarín, B.
_eed.
_971524
245 _aPlant vacuoles
_b: their importance in solute compartmentation in cells and their applications in plant biotechnology
260 _aNew York :
_bPlenum Press,
_c1987
300 _a562 p.
490 _aNATO ASI Series A : Life sciences
_v; 134
590 _aBATCH-UPD
_b10
_c20130109
_lUCH01
_h2336
590 _aBATCH-UPD
_b10
_c20130110
_lUCH01
_h0742
590 _aBATCH-UPD
_b10
_c20130410
_lUCH01
_h0424
590 _aBATCH-UPD
_b10
_c20130914
_lUCH01
_h0646
590 _aBATCH-UPD
_b10
_c20130914
_lUCH01
_h2137
590 _aCONVERSION
_b10
_c20130109
_lUCH01
_h1332
650 1 4 _aBiotecnología vegetal.
_912892
650 1 4 _aCitología e histología vegetales.
_923495
650 1 4 _aCultivo de tejidos.
_930213
650 1 4 _aPlantas
_xMetabolismo.
_988858
650 1 4 _aVacuolas vegetales.
_9117181
830 0 _aNATO ASI Series A : Life sciences
_v; 134
_980398
901 _aBK
942 _cLIBRO
949 _a581.87 M3
_bBC
_cLIBRO
_d33724000082913
_eLIBRO
_gI. 180781
_h90103
_i64630
_si
_t1247.00
999 _c59496
_d59496